| 000 | 01273ngm a22003490a 4500 | ||
|---|---|---|---|
| 001 | PT16712 | ||
| 003 | AR-LpoUNG | ||
| 005 | 20210202000233.0 | ||
| 007 | vd cvaizq | ||
| 008 | 191001s1990||||ag |||||||||||||||||eng d | ||
| 037 | _c$6.68 | ||
| 040 |
_aAR-LpoUNG _bspa _cAR-LpoUNG _eaacr |
||
| 044 | _aag | ||
| 082 | 0 | _a823 269met | |
| 100 | 1 |
_aLang, Fritz _edir. |
|
| 245 | 1 | 0 | _aMetrópolis |
| 260 |
_aBuenos Aires : _bTripictures, _cc1990. |
||
| 300 | _aVHS : son., col. | ||
| 505 | 0 | _aFotografía: Karl Freund ; música: Gunter Rettau, Giorgio Moroder. | |
| 520 | _aEs el año 2026 y los habitantes del mundo están divididos en dos clases, una que vive rodeada de lujo y mantiene el poder, y otra, la clase trabajadora que sufre la miseria y el hambre, cuando el hijo de un gobernante de la clase alta se enamora de una joven de la clase trabajadorea surgiráuna confrontación violenta y cdruel que hará caer un modelo de sociedad caduco y acabado. | ||
| 650 | 4 | _aCLASES SOCIALES | |
| 650 | 4 | _aCONFLICTOS SOCIALES | |
| 650 | 4 | _aFAMILIA | |
| 650 | 4 | _aFUTURO | |
| 650 | 4 | _aPOBREZA | |
| 650 | 4 | _aPROBLEMAS SOCIALES | |
| 650 | 4 | _aSOCIEDAD | |
| 651 | 4 | _aDOCUMENTOS TEORICOS O METODOLOGICOS | |
| 653 | _aVIDEOS | ||
| 905 | _a16712 | ||
| 942 | _cVIDEO | ||
| 999 |
_c54407 _d54407 |
||